EDUCATING INDIA: COLONIALISM AND INDIGENOUS KNOWLEDGE TRADITIONS C. 1765-1900 (Record no. 34295)

MARC details
000 -LEADER
fixed length control field 00378nam a22001457a 4500
003 - CONTROL NUMBER IDENTIFIER
control field SGT
020 ## - INTERNATIONAL STANDARD BOOK NUMBER
International Standard Book Number 9789356408708
082 ## - DEWEY DECIMAL CLASSIFICATION NUMBER
Classification number 370.954
Item number E25S
100 ## - MAIN ENTRY--PERSONAL NAME
Personal name SUMAN, AMIT K.
245 ## - TITLE STATEMENT
Title EDUCATING INDIA: COLONIALISM AND INDIGENOUS KNOWLEDGE TRADITIONS C. 1765-1900
260 ## - PUBLICATION, DISTRIBUTION, ETC. (IMPRINT)
Place of publication, distribution, etc INDIA
Name of publisher, distributor, etc BLOOMSBURY PUB
Year of Publication 2025
300 ## - PAGE DESCRIPTION
No. of Pages 321
650 ## - SUBJECT ADDED ENTRY--TOPICAL TERM
Topical term or geographic name as entry element GENERAL BOOKS
942 ## - ADDED ENTRY ELEMENTS (KOHA)
Source of classification or shelving scheme Dewey Decimal Classification
Koha item type Books
Holdings
Withdrawn status Lost status Source of classification or shelving scheme Damaged status Not for loan Collection code Home library Current library Shelving location Date acquired Vendor Name SGTU Total Checkouts Full call number Accession No. (Barcode) Date last seen Bill Date Koha item type
    Dewey Decimal Classification   Not For Loan MEDICAL SGT Medical Library SGT Medical Library Reference Book 06/03/2026 COPM SGTU   370.954 E25S FM16281 06/03/2026 06/03/2026 Books